| 000 | 01109nam a2200289 a 4500 | ||
|---|---|---|---|
| 001 | 555662 | ||
| 005 | 19880808164619.7 | ||
| 008 | 880804s1985 enka b 001 0 eng c | ||
| 010 | _a 88169938 | ||
| 020 | _a0861875427 | ||
| 040 |
_aMH _cMH _dDLC |
||
| 043 |
_aew----- _an-us--- _aa-ja--- |
||
| 050 | 1 | 4 |
_aHD9696.S43 _bE8555x 1985b |
| 082 |
_222 _a338.4762138152094 _bMAL |
||
| 100 | 1 |
_aMalerba, Franco, _d1950- _96568 |
|
| 245 | 1 | 4 |
_aThe semiconductor business : _bthe economics of rapid growth and decline / _cFranco Malerba. |
| 260 |
_aLondon : _bF. Pinter, _c1985. |
||
| 300 |
_aviii, 264 p. : _bill. ; _c24 cm. |
||
| 500 | _aBased on the author's thesis (Ph.D.)--Yale University. | ||
| 500 | _aIncludes index. | ||
| 504 | _aBibliography: p. [247]-259. | ||
| 650 | 0 |
_aSemiconductor industry _zEurope. _96569 |
|
| 650 | 0 |
_aSemiconductor industry _zUnited States. _96570 |
|
| 650 | 0 |
_aSemiconductor industry _zJapan. _96571 |
|
| 942 |
_2ddc _cBB |
||
| 999 |
_c11929 _d11929 |
||